Twenty One Pilots - Drum Show (Lyrics) - Statistics

General Stats
  • This quiz has been taken 34 times
  • The average score is 235 of 270
Answer Stats
Answer % Correct
a
100%
on
100%
the
100%
drum
96%
Now
96%
now,
96%
now
96%
Puttin'
96%
puttin'
96%
show
96%
Show
96%
So,
96%
so
96%
So
96%
to
96%
to-
96%
and
92%
Even
92%
even
92%
feel
92%
He
92%
he
92%
home
92%
I
92%
it,
92%
it
92%
just
92%
take
92%
way
92%
you
92%
want
88%
do
88%
drives
88%
fast
88%
go
88%
He'll
88%
He's
88%
his
88%
longer
88%
not
88%
out
88%
out,
88%
over
88%
slow
88%
song's
88%
want
88%
been
83%
change
83%
checklist
83%
ever
83%
for
83%
I've
83%
never
83%
places
83%
rock
83%
say
83%
this
83%
today
83%
between
79%
cage
79%
Completed
79%
does
79%
if
79%
of
79%
stuck
79%
Stuck
79%
they
79%
Two
79%
your
79%
Drown
75%
drown
75%
Feelin'
75%
have
75%
all
71%
head
71%
at
67%
let
67%
nothing
67%
rather
67%
something
67%
up
67%
around
63%
as
63%
He'd
63%
ooh-
63%
ooh
63%
starts
63%
swerves
63%
than
63%
turns
63%
fall,
54%
well
4%
No matching quizzes found
Score Distribution
Percent of People with Each Score
Percentile by Number Answered
Your Score History
You have not taken this quiz